000 00735nam a22002177a 4500
008 150522b xxu||||| |||| 00| 0 eng d
020 _a928081110X (pbk.)
041 0 _aeng
080 _a341.2
245 0 0 _aInternational commissions and the power of ideas /
_cedited by Ramesh Thakur, Andrew F. Cooper, and John English.
260 _aTokyo ; New York :
_bUnited Nations University Press,
_cc2005.
300 _a317 f
_c24 cm.
505 _aIndex:f. 300-317
650 0 _aAgjencitë ndërkombëtare
650 0 _aOrganizatat ndërkombëtare
650 0 _aKoorporatat ndërkombëtare
700 1 _aThakur, Ramesh Chandra,
_d1948-
700 1 _aCooper, Andrew Fenton,
_d1950-
700 1 _aEnglish, John,
_d1945-
942 _2udc
_cBK
999 _c894
_d894